[Event "4NCL/2001-02/D3/GUI3-GUI2"]
[Site "Rd02-Birmingham"]
[Date "2001.09.23"]
[Round "2.8"]
[White "Norman>Dobson>Wright, Dinah Margaret"]
[Black "Longson Hegarty, Sarah N"]
[Result "1/2-1/2"]
[WhiteElo "2045"]
[BlackElo "1624"]
[PlyCount "127"]
[EventDate "2001.09.23"]
[EventType "team-match"]
[EventCountry "ENG"]
[SourceTitle "BritBase"]
[Source "John Saunders"]
[SourceDate "2024.10.24"]
[SourceVersion "1"]
[SourceVersionDate "2024.10.24"]
[SourceQuality "1"]
[WhiteTeam "Guildford-ADC 2"]
[BlackTeam "Guildford-ADC 3"]
[WhiteTeamCountry "ENG"]
[BlackTeamCountry "ENG"]

1. d4 Nf6 2. Nf3 g6 3. Bg5 Bg7 4. Nbd2 d5 5. e3 O-O 6. Be2 c5 7. c3 Qb6 8. Qb3 Qxb3 9. axb3 cxd4 10. exd4 Nc6 11. b4 b6 12. b5 Nd8 13. O-O Ne6 14. Ra3 Ne4 15. Bxe7 Re8 16. Bb4 Nxd2 17. Nxd2 Nxd4 18. cxd4 Rxe2 19. Bc3 Bd7 20. Rfa1 Bxb5 21. Rb3 Bc6 22. Nf3 f6 23. Ra6 Bf8 24. Kf1 Ree8 25. Ne1 Bd7 26. Ra1 Bd6 27. h3 Bc6 28. Bd2 Re4 29. Nf3 Re7 30. Bc3 Rb7 31. Ra6 Bd7 32. Kg1 Rc8 33. Nd2 Bf5 34. Ra1 Rc6 35. Rb5 Be6 36. Nf1 Rd7 37. Ne3 Bf4 38. Rb3 Re7 39. Rba3 a5 40. Re1 Bd6 41. Raa1 Kf7 42. g3 g5 43. g4 Rc8 44. Kg2 Rce8 45. Nf1 Bd7 46. Ne3 Bf4 47. Nf1 a4 48. Rxe7+ Rxe7 49. Re1 Rxe1 50. Bxe1 Bd6 51. Ne3 b5 52. Nc2 Bc6 53. Nb4 Bb7 54. f3 Ke6 55. Kf2 f5 56. Ke2 Be7 57. Bc3 fxg4 58. fxg4 Kf6 59. Kf3 Kg6 60. Nc2 Bc8 61. Nb4 Bb7 62. Nc2 h5 63. Nb4 hxg4+ 64. hxg4 1/2-1/2

[Event "4NCL/2001-02/D3/MSL-WS"]
[Site "Rd02-Birmingham"]
[Date "2001.09.23"]
[Round "2.1"]
[White "Kenworthy, Gary"]
[Black "Hynes, Anthony M"]
[Result "1/2-1/2"]
[WhiteElo "2282"]
[BlackElo "2232"]
[PlyCount "41"]
[EventDate "2001.09.23"]
[EventType "team-match"]
[EventCountry "ENG"]
[SourceTitle "BritBase"]
[Source "John Saunders"]
[SourceDate "2024.10.24"]
[SourceVersion "1"]
[SourceVersionDate "2024.10.24"]
[SourceQuality "1"]
[WhiteTeam "Mind Sports Ltd"]
[BlackTeam "Warwickshire Select"]
[WhiteTeamCountry "ENG"]
[BlackTeamCountry "ENG"]

1. e4 e5 2. Nf3 Nc6 3. Bc4 Bc5 4. d3 Nf6 5. c3 d6 6. b4 Bb6 7. a4 a6 8. Nbd2 O-O 9. Ba2 Ne7 10. Nc4 Ba7 11. O-O b5 12. Ne3 Bd7 13. axb5 axb5 14. h3 Ng6 15. Kh2 Nf4 16. Nf5 Bxf5 17. exf5 Qd7 18. Bxf4 exf4 19. Nh4 d5 20. Qf3 c6 21. Bb3 1/2-1/2

[Event "4NCL/2001-02/D3/MSL-WS"]
[Site "Rd02-Birmingham"]
[Date "2001.09.23"]
[Round "2.2"]
[White "Mason, Donald J"]
[Black "Parker, Robert"]
[Result "1/2-1/2"]
[WhiteElo "2282"]
[BlackElo "2114"]
[PlyCount "143"]
[EventDate "2001.09.23"]
[EventType "team-match"]
[EventCountry "ENG"]
[SourceTitle "BritBase"]
[Source "John Saunders"]
[SourceDate "2024.10.24"]
[SourceVersion "1"]
[SourceVersionDate "2024.10.24"]
[SourceQuality "1"]
[WhiteTeam "Warwickshire Select"]
[BlackTeam "Mind Sports Ltd"]
[WhiteTeamCountry "ENG"]
[BlackTeamCountry "ENG"]

1. e4 e5 2. f4 exf4 3. Nf3 h6 4. d4 g5 5. h4 Bg7 6. hxg5 hxg5 7. Rxh8 Bxh8 8. g3 d6 9. gxf4 gxf4 10. Nc3 Bg4 11. Bxf4 Nc6 12. Qd3 Bxf3 13. Qxf3 Nxd4 14. Qg3 Qh4 15. Qxh4 Nf3+ 16. Kf2 Nxh4 17. Nd5 Kd7 18. Bh3+ Kc6 19. Nb4+ Kb6 20. Rd1 Be5 21. Bxe5 dxe5 22. Nd5+ Kc6 23. b4 b6 24. b5+ Kb7 25. Bd7 Rf8 26. Rd3 Ng6 27. Rc3 N8e7 28. Rxc7+ Kb8 29. Bc6 Nxd5 30. Rb7+ Kc8 31. exd5 Rd8 32. Rxf7 Rf8 33. Rxf8+ Nxf8 34. d6 Ne6 35. Ke3 Nc5 36. c4 Kd8 37. a3 Kc8 38. Kf3 Kd8 39. Kg4 Nd3 40. Kf5 Nb2 41. c5 bxc5 42. Kxe5 Nc4+ 43. Kd5 Nxa3 44. Kxc5 Nc2 45. Be4 Ne3 46. Kd4 Ng4 47. Bf5 Nh2 48. Kd5 Nf3 49. Be6 Nd2 50. Kc6 Ne4 51. Bg4 Nc3 52. Bf5 Ke8 53. Bd3 Kd8 54. Bf1 Kc8 55. Bh3+ Kd8 56. Bg2 Kc8 57. Bh3+ Kd8 58. Bf5 Ke8 59. Bc8 Kd8 60. Ba6 Na4 61. Bb7 Nb6 62. Kc5 Kd7 63. Bc6+ Kd8 64. Kb4 Kc8 65. Kc5 Kd8 66. Bg2 Na4+ 67. Kb4 Nb6 68. Bh3 Nd5+ 69. Ka5 Nc3 70. Ka6 Ke8 71. d7+ Kd8 72. Kxa7 1/2-1/2

[Event "4NCL/2001-02/D3/MSL-WS"]
[Site "Rd02-Birmingham"]
[Date "2001.09.23"]
[Round "2.3"]
[White "Coleman, James"]
[Black "Thomas, Nicholas"]
[Result "1/2-1/2"]
[WhiteElo "2127"]
[BlackElo "2201"]
[PlyCount "24"]
[EventDate "2001.09.23"]
[EventType "team-match"]
[EventCountry "ENG"]
[SourceTitle "BritBase"]
[Source "John Saunders"]
[SourceDate "2024.10.24"]
[SourceVersion "1"]
[SourceVersionDate "2024.10.24"]
[SourceQuality "1"]
[WhiteTeam "Mind Sports Ltd"]
[BlackTeam "Warwickshire Select"]
[WhiteTeamCountry "ENG"]
[BlackTeamCountry "ENG"]

1. d4 e6 2. Nf3 Nf6 3. Bg5 h6 4. Bh4 Be7 5. e3 b6 6. Bd3 Bb7 7. Nbd2 d6 8. Bxf6 Bxf6 9. Be4 Qc8 10. O-O Nd7 11. c3 O-O 12. Qc2 d5 1/2-1/2

[Event "4NCL/2001-02/D3/MSL-WS"]
[Site "Rd02-Birmingham"]
[Date "2001.09.23"]
[Round "2.4"]
[White "Pitcher, John T"]
[Black "Almond, Richard JA"]
[Result "1-0"]
[WhiteElo "2128"]
[BlackElo "2140"]
[PlyCount "123"]
[EventDate "2001.09.23"]
[EventType "team-match"]
[EventCountry "ENG"]
[SourceTitle "BritBase"]
[Source "John Saunders"]
[SourceDate "2024.10.24"]
[SourceVersion "1"]
[SourceVersionDate "2024.10.24"]
[SourceQuality "1"]
[WhiteTeam "Warwickshire Select"]
[BlackTeam "Mind Sports Ltd"]
[WhiteTeamCountry "ENG"]
[BlackTeamCountry "ENG"]

1. e4 d5 2. exd5 Qxd5 3. Nc3 Qa5 4. d4 Nf6 5. Nf3 Bf5 6. Ne5 c6 7. Bd3 Bxd3 8. Qxd3 e6 9. Bd2 Bb4 10. Nc4 Qc7 11. Qg3 Qxg3 12. hxg3 Nbd7 13. a3 Be7 14. f3 Nb6 15. Ne5 Rd8 16. Ne2 c5 17. dxc5 Bxc5 18. O-O-O Nbd5 19. Kb1 O-O 20. c4 Ne3 21. Bxe3 Bxe3 22. g4 h6 23. Kc2 Rfe8 24. b4 Kf8 25. Rxd8 Rxd8 26. Rd1 Rxd1 27. Kxd1 Ke7 28. Kc2 Nd7 29. Nxd7 Kxd7 30. Kd3 Bg5 31. c5 a6 32. Kc4 g6 33. a4 Be3 34. Nc3 f5 35. Nd1 Bg1 36. gxf5 gxf5 37. Nb2 h5 38. Nd3 Bh2 39. f4 Bg1 40. Ne5+ Kc7 41. Ng6 Kd7 42. Ne5+ Kc7 43. b5 axb5+ 44. axb5 Be3 45. b6+ Kc8 46. Nd3 h4 47. Kb5 Kd7 48. Ne5+ Kc8 49. Ng6 Kd7 50. Kc4 Bc1 51. Nf8+ Ke7 52. c6 bxc6 53. b7 Bxf4 54. Ng6+ Kd7 55. Nxf4 Kc7 56. Nxe6+ Kxb7 57. Kc5 f4 58. Nxf4 Kc7 59. Ng6 Kd7 60. Nxh4 Ke6 61. g4 Kf6 62. Nf3 1-0

[Event "4NCL/2001-02/D3/MSL-WS"]
[Site "Rd02-Birmingham"]
[Date "2001.09.23"]
[Round "2.5"]
[White "Hawkins, James Nick"]
[Black "Wu, Li"]
[Result "1/2-1/2"]
[WhiteElo "2101"]
[BlackElo "1984"]
[PlyCount "34"]
[EventDate "2001.09.23"]
[EventType "team-match"]
[EventCountry "ENG"]
[SourceTitle "BritBase"]
[Source "John Saunders"]
[SourceDate "2024.10.24"]
[SourceVersion "1"]
[SourceVersionDate "2024.10.24"]
[SourceQuality "1"]
[WhiteTeam "Mind Sports Ltd"]
[BlackTeam "Warwickshire Select"]
[WhiteTeamCountry "ENG"]
[BlackTeamCountry "ENG"]

1. e4 c5 2. Nf3 d6 3. c3 Nf6 4. h3 g6 5. Bd3 Bg7 6. Bc2 e5 7. d4 exd4 8. cxd4 O-O 9. O-O Re8 10. Nc3 cxd4 11. Nxd4 Nc6 12. Be3 d5 13. exd5 Nxd5 14. Nxd5 Nxd4 15. Bxd4 Qxd5 16. Bxg7 Qxd1 17. Rfxd1 Kxg7 1/2-1/2

[Event "4NCL/2001-02/D3/MSL-WS"]
[Site "Rd02-Birmingham"]
[Date "2001.09.23"]
[Round "2.6"]
[White "Hunt, Malcolm A"]
[Black "Purdon, Colin"]
[Result "1/2-1/2"]
[WhiteElo "1912"]
[BlackElo "2081"]
[PlyCount "27"]
[EventDate "2001.09.23"]
[EventType "team-match"]
[EventCountry "ENG"]
[SourceTitle "BritBase"]
[Source "John Saunders"]
[SourceDate "2024.10.24"]
[SourceVersion "1"]
[SourceVersionDate "2024.10.24"]
[SourceQuality "1"]
[WhiteTeam "Warwickshire Select"]
[BlackTeam "Mind Sports Ltd"]
[WhiteTeamCountry "ENG"]
[BlackTeamCountry "ENG"]

1. d4 Nf6 2. Bf4 c5 3. c3 Qb6 4. Qb3 cxd4 5. Bxb8 Rxb8 6. Qxb6 axb6 7. cxd4 d6 8. e3 g6 9. Nc3 Bd7 10. Nf3 Bg7 11. Be2 O-O 12. O-O Rfc8 13. Rfc1 Rc7 14. Nb5 1/2-1/2

[Event "4NCL/2001-02/D3/MSL-WS"]
[Site "Rd02-Birmingham"]
[Date "2001.09.23"]
[Round "2.7"]
[White "Kelly, Paul J"]
[Black "Smyth, Martyn"]
[Result "1-0"]
[WhiteElo "1872"]
[BlackElo "1960"]
[PlyCount "41"]
[EventDate "2001.09.23"]
[EventType "team-match"]
[EventCountry "ENG"]
[SourceTitle "BritBase"]
[Source "John Saunders"]
[SourceDate "2024.10.24"]
[SourceVersion "1"]
[SourceVersionDate "2024.10.24"]
[SourceQuality "1"]
[WhiteTeam "Mind Sports Ltd"]
[BlackTeam "Warwickshire Select"]
[WhiteTeamCountry "ENG"]
[BlackTeamCountry "ENG"]

1. e4 c5 2. Nf3 d6 3. c3 e6 4. d4 Be7 5. Bd3 Nd7 6. O-O e5 7. dxe5 dxe5 8. Qe2 Ngf6 9. Na3 a6 10. Nc4 Qc7 11. a4 b6 12. Ne3 g6 13. Rd1 Bb7 14. Nd2 O-O 15. f3 Nh5 16. g3 f5 17. exf5 Bg5 18. fxg6 e4 19. Nxe4 Bxe3+ 20. Bxe3 Rae8 21. Bh6 1-0

[Event "4NCL/2001-02/D3/MSL-WS"]
[Site "Rd02-Birmingham"]
[Date "2001.09.23"]
[Round "2.8"]
[White "Wilcox, Charlotte"]
[Black "Gross, Danielle"]
[Result "1-0"]
[WhiteElo "1392"]
[BlackElo "1256"]
[PlyCount "57"]
[EventDate "2001.09.23"]
[EventType "team-match"]
[EventCountry "ENG"]
[SourceTitle "BritBase"]
[Source "John Saunders"]
[SourceDate "2024.10.24"]
[SourceVersion "1"]
[SourceVersionDate "2024.10.24"]
[SourceQuality "1"]
[WhiteTeam "Warwickshire Select"]
[BlackTeam "Mind Sports Ltd"]
[WhiteTeamCountry "ENG"]
[BlackTeamCountry "ENG"]

1. e4 e6 2. Qe2 Nc6 3. Nf3 b6 4. g3 Bb7 5. Bg2 Bc5 6. c3 Be7 7. O-O d6 8. d4 Nf6 9. e5 Nd7 10. c4 h6 11. Nc3 a5 12. Be3 dxe5 13. dxe5 Ncxe5 14. Nxe5 Bxg2 15. Rfd1 Bd5 16. Nxd7 Qxd7 17. cxd5 exd5 18. Nxd5 Qe6 19. Nxc7+ Kf8 20. Nxe6+ fxe6 21. Qf3+ Bf6 22. Qxa8+ Kf7 23. Qxh8 Be7 24. Rd7 a4 25. Qd8 Kg6 26. Qxe7 Kf5 27. Rd6 Kg4 28. Qxe6+ Kh5 29. Qg6# 1-0

[Event "4NCL/2001-02/D3/NK-PP2"]
[Site "Rd02-Birmingham"]
[Date "2001.09.23"]
[Round "2.1"]
[White "Williams, Leighton"]
[Black "Quilter, Thomas"]
[Result "1-0"]
[WhiteElo "2304"]
[BlackElo "2082"]
[PlyCount "79"]
[EventDate "2001.09.23"]
[EventType "team-match"]
[EventCountry "ENG"]
[SourceTitle "BritBase"]
[Source "John Saunders"]
[SourceDate "2024.10.24"]
[SourceVersion "1"]
[SourceVersionDate "2024.10.24"]
[SourceQuality "1"]
[WhiteTeam "Nidum Knights"]
[BlackTeam "Poisoned Pawns 2"]
[WhiteTeamCountry "WLS"]
[BlackTeamCountry "ENG"]

1. d4 Nf6 2. c4 c5 3. d5 b5 4. cxb5 a6 5. f3 e6 6. e4 exd5 7. e5 Qe7 8. Qe2 Ng8 9. Nc3 Bb7 10. Nh3 c4 11. Be3 Qb4 12. O-O-O axb5 13. Qf2 Na6 14. Nf4 Ne7 15. g4 g6 16. Nfe2 Nc8 17. Rxd5 Bxd5 18. Nxd5 Qa5 19. Nec3 Be7 20. Nxe7 Nxe7 21. Bb6 Qb4 22. Be2 Rc8 23. a3 Qb3 24. Bd1 Nb4 25. axb4 Qxb4 26. Bc2 Ra8 27. Bc5 Qa5 28. Bxe7 b4 29. Ne4 c3 30. Bb1 cxb2+ 31. Qxb2 Kxe7 32. Kd1 Rhc8 33. Ke2 Qb6 34. Rd1 Ra3 35. Bd3 Rca8 36. Rd2 Qg1 37. Qxb4+ Kd8 38. Qf8+ Kc7 39. Rc2+ Kb6 40. Qb4+ 1-0

[Event "4NCL/2001-02/D3/NK-PP2"]
[Site "Rd02-Birmingham"]
[Date "2001.09.23"]
[Round "2.2"]
[White "Hansen, Hans-Peter"]
[Black "Walsh, Chris"]
[Result "0-1"]
[WhiteElo "2144"]
[BlackElo "2190"]
[PlyCount "98"]
[EventDate "2001.09.23"]
[EventType "team-match"]
[EventCountry "ENG"]
[SourceTitle "BritBase"]
[Source "John Saunders"]
[SourceDate "2024.10.24"]
[SourceVersion "1"]
[SourceVersionDate "2024.10.24"]
[SourceQuality "1"]
[WhiteTeam "Poisoned Pawns 2"]
[BlackTeam "Nidum Knights"]
[WhiteTeamCountry "ENG"]
[BlackTeamCountry "WLS"]

1. c4 e6 2. Nf3 d5 3. b3 Nf6 4. Bb2 Be7 5. g3 O-O 6. Bg2 c5 7. O-O Nc6 8. e3 Qb6 9. Qe2 Rd8 10. cxd5 exd5 11. d4 Ne4 12. Nc3 Bg4 13. Na4 Qa5 14. dxc5 Nxc5 15. Nxc5 Bxc5 16. a3 Qc7 17. b4 Bb6 18. h3 Bh5 19. g4 Bg6 20. Rfd1 Be4 21. Nd4 Qe7 22. Rac1 Rac8 23. Nxc6 bxc6 24. Bd4 Bxg2 25. Kxg2 Qd6 26. f4 Qe7 27. Rc3 Re8 28. Qf3 Bxd4 29. Rxd4 Qb7 30. Rd2 Qb6 31. Kg3 Re4 32. Rdd3 Rce8 33. Rc5 h6 34. h4 Qa6 35. Rcc3 R4e6 36. f5 Rd6 37. Qf4 Red8 38. Kf2 Qb7 39. Qe5 Qd7 40. Qf4 Re8 41. b5 Re4 42. Qg3 Rc4 43. a4 Rxc3 44. Rxc3 cxb5 45. axb5 d4 46. exd4 Rxd4 47. Qb8+ Kh7 48. Kg3 Qe7 49. Rf3 Qe1+ 0-1

[Event "4NCL/2001-02/D3/NK-PP2"]
[Site "Rd02-Birmingham"]
[Date "2001.09.23"]
[Round "2.3"]
[White "Davies, Christopher"]
[Black "Retallick, Lloyd"]
[Result "1/2-1/2"]
[WhiteElo "2086"]
[BlackElo "1992"]
[PlyCount "39"]
[EventDate "2001.09.23"]
[EventType "team-match"]
[EventCountry "ENG"]
[SourceTitle "BritBase"]
[Source "John Saunders"]
[SourceDate "2024.10.24"]
[SourceVersion "1"]
[SourceVersionDate "2024.10.24"]
[SourceQuality "1"]
[WhiteTeam "Nidum Knights"]
[BlackTeam "Poisoned Pawns 2"]
[WhiteTeamCountry "WLS"]
[BlackTeamCountry "ENG"]

1. e4 c6 2. d4 d5 3. Nd2 dxe4 4. Nxe4 Nd7 5. Bc4 Ngf6 6. Ng5 e6 7. Ne2 Bd6 8. Ng3 b5 9. Bb3 c5 10. c3 cxd4 11. O-O Nc5 12. Qxd4 O-O 13. Bc2 Bxg3 14. Qxc5 Qc7 15. Qxc7 Bxc7 16. Ne4 Nd5 17. Bg5 h6 18. Bd2 Bb7 19. Rad1 Rfd8 20. Rfe1 1/2-1/2

[Event "4NCL/2001-02/D3/NK-PP2"]
[Site "Rd02-Birmingham"]
[Date "2001.09.23"]
[Round "2.4"]
[White "Blades, Nigel"]
[Black "Tabatabai, John"]
[Result "1-0"]
[WhiteElo "2058"]
[BlackElo "2039"]
[PlyCount "36"]
[EventDate "2001.09.23"]
[EventType "team-match"]
[EventCountry "ENG"]
[SourceTitle "BritBase"]
[Source "John Saunders"]
[SourceDate "2024.10.24"]
[SourceVersion "1"]
[SourceVersionDate "2024.10.24"]
[SourceQuality "1"]
[WhiteTeam "Poisoned Pawns 2"]
[BlackTeam "Nidum Knights"]
[WhiteTeamCountry "ENG"]
[BlackTeamCountry "WLS"]

1. d4 d5 2. c4 dxc4 3. Nf3 Nf6 4. e3 e6 5. Bxc4 c5 6. O-O a6 7. Qe2 Nc6 8. Rd1 b5 9. dxc5 Qc7 10. Bd3 Bxc5 11. a3 O-O 12. b4 Bb6 13. Bb2 e5 14. Nbd2 Bb7 15. Rac1 Qe7 16. Ne4 Rfd8 17. Nxf6+ Qxf6 18. Be4 Na5 1-0

[Event "4NCL/2001-02/D3/NK-PP2"]
[Site "Rd02-Birmingham"]
[Date "2001.09.23"]
[Round "2.5"]
[White "Powell, Annie"]
[Black "Winfridsson, Ola"]
[Result "1/2-1/2"]
[WhiteElo "2017"]
[BlackElo "2031"]
[PlyCount "30"]
[EventDate "2001.09.23"]
[EventType "team-match"]
[EventCountry "ENG"]
[SourceTitle "BritBase"]
[Source "John Saunders"]
[SourceDate "2024.10.24"]
[SourceVersion "1"]
[SourceVersionDate "2024.10.24"]
[SourceQuality "1"]
[WhiteTeam "Nidum Knights"]
[BlackTeam "Poisoned Pawns 2"]
[WhiteTeamCountry "WLS"]
[BlackTeamCountry "ENG"]

1. e4 c6 2. d4 d5 3. Nd2 dxe4 4. Nxe4 Bf5 5. Ng3 Bg6 6. Bc4 e6 7. N1e2 Nf6 8. Nf4 Bd6 9. c3 Qc7 10. Qf3 e5 11. dxe5 Bxe5 12. O-O Nbd7 13. Be3 Nb6 14. Bb3 O-O-O 15. Rad1 Rxd1 1/2-1/2

[Event "4NCL/2001-02/D3/NK-PP2"]
[Site "Rd02-Birmingham"]
[Date "2001.09.23"]
[Round "2.6"]
[White "James, Stephen B"]
[Black "Fish, Andrew"]
[Result "1/2-1/2"]
[WhiteElo "1904"]
[BlackElo "2096"]
[PlyCount "87"]
[EventDate "2001.09.23"]
[EventType "team-match"]
[EventCountry "ENG"]
[SourceTitle "BritBase"]
[Source "John Saunders"]
[SourceDate "2024.10.24"]
[SourceVersion "1"]
[SourceVersionDate "2024.10.24"]
[SourceQuality "1"]
[WhiteTeam "Poisoned Pawns 2"]
[BlackTeam "Nidum Knights"]
[WhiteTeamCountry "ENG"]
[BlackTeamCountry "WLS"]

1. e4 e6 2. d4 d5 3. Nc3 Bb4 4. e5 c5 5. a3 Bxc3+ 6. bxc3 Ne7 7. Qg4 Qc7 8. Qxg7 Rg8 9. Qxh7 cxd4 10. Ne2 dxc3 11. f4 Nbc6 12. Qd3 Bd7 13. Rb1 O-O-O 14. h3 d4 15. g4 Nd5 16. Bg2 Nce7 17. O-O a6 18. Qxd4 Bb5 19. Rf2 Nc6 20. Qe4 Na5 21. Nd4 Bc4 22. a4 Qc5 23. Nb3 Bxb3 24. cxb3 Qb4 25. Rc2 Nc6 26. Qc4 Kb8 27. Bxd5 Rxd5 28. Be3 Rgd8 29. Qxb4 Nxb4 30. Rxc3 Rd3 31. Rxd3 Rxd3 32. Bc5 Nd5 33. Bd6+ Ka7 34. Rf1 Rxh3 35. Kg2 Rxb3 36. Rf3 Rb2+ 37. Kg3 Ra2 38. Ra3 Rxa3+ 39. Bxa3 Kb6 40. f5 exf5 41. gxf5 Kc6 42. e6 fxe6 43. fxe6 b5 44. axb5+ 1/2-1/2

[Event "4NCL/2001-02/D3/NK-PP2"]
[Site "Rd02-Birmingham"]
[Date "2001.09.23"]
[Round "2.7"]
[White "Gandy, Andrew R"]
[Black "Day, Tom W"]
[Result "0-1"]
[WhiteElo "2067"]
[BlackElo "1944"]
[PlyCount "82"]
[EventDate "2001.09.23"]
[EventType "team-match"]
[EventCountry "ENG"]
[SourceTitle "BritBase"]
[Source "John Saunders"]
[SourceDate "2024.10.24"]
[SourceVersion "1"]
[SourceVersionDate "2024.10.24"]
[SourceQuality "1"]
[WhiteTeam "Nidum Knights"]
[BlackTeam "Poisoned Pawns 2"]
[WhiteTeamCountry "WLS"]
[BlackTeamCountry "ENG"]

1. d4 d5 2. c4 e6 3. Nc3 Nf6 4. cxd5 exd5 5. Bg5 Nbd7 6. e3 Be7 7. Bd3 O-O 8. Qc2 h6 9. Bf4 a6 10. Nf3 c6 11. h3 b6 12. O-O Bb7 13. Rfd1 Re8 14. Rab1 c5 15. dxc5 bxc5 16. Be2 Qb6 17. Ne5 Rad8 18. Bf3 Qe6 19. Nxd7 Rxd7 20. Rd2 Bd6 21. Bxd6 Qxd6 22. Rbd1 Qe6 23. Na4 Rc7 24. Nxc5 Qb6 25. Na4 Qa5 26. Qb3 Rec8 27. Nc3 d4 28. Rxd4 Bxf3 29. gxf3 Qh5 30. Kg2 Rc5 31. Ne4 Nxe4 32. Rxe4 Rb5 33. Qa3 Rg5+ 34. Rg4 f5 35. Qb3+ Kh7 36. Rg3 Rf8 37. Qd3 Rf6 38. Rg1 Rfg6 39. Kh2 Qh4 40. f4 Rh5 41. Qxa6 Qxg3+ 0-1

[Event "4NCL/2001-02/D3/NK-PP2"]
[Site "Rd02-Birmingham"]
[Date "2001.09.23"]
[Round "2.8"]
[White "Goodwin, Lydia"]
[Black "Davis, Lee"]
[Result "1/2-1/2"]
[WhiteElo "1792"]
[BlackElo "2060"]
[PlyCount "87"]
[EventDate "2001.09.23"]
[EventType "team-match"]
[EventCountry "ENG"]
[SourceTitle "BritBase"]
[Source "John Saunders"]
[SourceDate "2024.10.24"]
[SourceVersion "1"]
[SourceVersionDate "2024.10.24"]
[SourceQuality "1"]
[WhiteTeam "Poisoned Pawns 2"]
[BlackTeam "Nidum Knights"]
[WhiteTeamCountry "ENG"]
[BlackTeamCountry "WLS"]

1. e4 d6 2. Nf3 Nf6 3. Nc3 g6 4. d3 Bg7 5. g3 O-O 6. Bg2 c5 7. O-O Nc6 8. h3 a6 9. a4 Rb8 10. Nh2 b5 11. axb5 axb5 12. f4 Nd4 13. g4 Bb7 14. Ne2 Nd7 15. c3 Nc6 16. g5 Ra8 17. Rxa8 Qxa8 18. d4 cxd4 19. cxd4 Na5 20. Qd3 b4 21. Rf2 Ba6 22. Qd1 Qa7 23. Nf3 Rc8 24. f5 Bxe2 25. Rxe2 Ne5 26. Be3 Nxf3+ 27. Bxf3 b3 28. h4 Rc4 29. e5 gxf5 30. Bd5 f4 31. Bxc4 Nxc4 32. Bf2 Qb7 33. e6 fxe6 34. Qd3 Qc8 35. Qxb3 Ne3 36. Bxe3 fxe3 37. Qxe3 e5 38. d5 Qg4+ 39. Rg2 Qd1+ 40. Kh2 Qxd5 41. g6 e4 42. gxh7+ Kh8 43. Qe2 Qf5 44. Rf2 1/2-1/2

[Event "4NCL/2001-02/D3/SCS-MK"]
[Site "Rd02-Birmingham"]
[Date "2001.09.23"]
[Round "2.1"]
[White "Edwards, David"]
[Black "Macdonald-Ross, Michael"]
[Result "1/2-1/2"]
[WhiteElo "2177"]
[BlackElo "2172"]
[PlyCount "21"]
[EventDate "2001.09.23"]
[EventType "team-match"]
[EventCountry "ENG"]
[SourceTitle "BritBase"]
[Source "John Saunders"]
[SourceDate "2024.10.24"]
[SourceVersion "1"]
[SourceVersionDate "2024.10.24"]
[SourceQuality "1"]
[WhiteTeam "Southern Counties Stars"]
[BlackTeam "Milton Keynes"]
[WhiteTeamCountry "ENG"]
[BlackTeamCountry "ENG"]

1. e4 c6 2. d4 d5 3. Nd2 dxe4 4. Nxe4 Nf6 5. Nxf6+ gxf6 6. Nf3 Rg8 7. g3 Bf5 8. Bg2 Qa5+ 9. c3 Qb5 10. b3 Qd3 11. Qxd3 1/2-1/2

[Event "4NCL/2001-02/D3/SCS-MK"]
[Site "Rd02-Birmingham"]
[Date "2001.09.23"]
[Round "2.2"]
[White "Freeman, Richard CP"]
[Black "Lutton, J Ezra"]
[Result "1/2-1/2"]
[WhiteElo "2011"]
[BlackElo "2093"]
[PlyCount "38"]
[EventDate "2001.09.23"]
[EventType "team-match"]
[EventCountry "ENG"]
[SourceTitle "BritBase"]
[Source "John Saunders"]
[SourceDate "2024.10.24"]
[SourceVersion "1"]
[SourceVersionDate "2024.10.24"]
[SourceQuality "1"]
[WhiteTeam "Milton Keynes"]
[BlackTeam "Southern Counties Stars"]
[WhiteTeamCountry "ENG"]
[BlackTeamCountry "ENG"]

1. e4 e6 2. d3 d5 3. Nd2 Nf6 4. g3 c5 5. Bg2 Be7 6. Ngf3 Nc6 7. O-O b5 8. Qe2 a5 9. a4 b4 10. b3 Ba6 11. Bb2 O-O 12. Ne5 Nxe5 13. Bxe5 Rc8 14. f4 Nd7 15. Qg4 Nxe5 16. fxe5 c4 17. exd5 exd5 18. dxc4 dxc4 19. Nxc4 Bxc4 1/2-1/2

[Event "4NCL/2001-02/D3/SCS-MK"]
[Site "Rd02-Birmingham"]
[Date "2001.09.23"]
[Round "2.3"]
[White "Clark, Stephen P"]
[Black "Kendall, Paul Stephen N"]
[Result "1-0"]
[WhiteElo "2112"]
[BlackElo "1968"]
[PlyCount "66"]
[EventDate "2001.09.23"]
[EventType "team-match"]
[EventCountry "ENG"]
[SourceTitle "BritBase"]
[Source "John Saunders"]
[SourceDate "2024.10.24"]
[SourceVersion "1"]
[SourceVersionDate "2024.10.24"]
[SourceQuality "1"]
[WhiteTeam "Southern Counties Stars"]
[BlackTeam "Milton Keynes"]
[WhiteTeamCountry "ENG"]
[BlackTeamCountry "ENG"]

1. d4 Nf6 2. Nf3 e6 3. Bf4 b6 4. e3 Bb7 5. Nbd2 Be7 6. h3 O-O 7. Bd3 c5 8. c3 d6 9. Qe2 Nbd7 10. O-O a6 11. a4 Re8 12. Bh2 Bf8 13. Nc4 Bxf3 14. Qxf3 e5 15. dxe5 dxe5 16. Qb7 Qe7 17. Bf5 Reb8 18. Qf3 g6 19. Bc2 Bg7 20. Rfd1 Rd8 21. Rd6 e4 22. Qd1 Ne8 23. Rd2 Rac8 24. Bb3 b5 25. Nd6 Nxd6 26. Bxd6 Qf6 27. axb5 axb5 28. Bd5 Nb6 29. Bb7 Nc4 30. Rd5 Nxb2 31. Qb3 Nd3 32. Bxc8 Qxf2+ 33. Kh2 c4 1-0